000 00715cam a2200205 i 4500
005 20251108164730.0
008 250721s2013 jo gr 000 0 ara d
020 _a9789957567156
082 1 4 _a410
_bس ع د
100 1 _aالسعدي، عيسى إبراهيم
_eمؤلف.
245 1 0 _aلغتنا الجميلة :
_bكلمات ومعان /
_cعيسى إبراهيم السعدي.
250 _aالطبعة الأولى.
264 1 _aعمان :
_bأمواج للطباعة والنشر والتوزيع،
_c2013.
300 _a146صفحة.
650 1 7 _aاللغة العربية.
650 1 7 _aقواعد اللغة.
650 1 7 _aالقواميس.
942 _2ddc
_cBK
999 _c12976
_d12976